EXPERIENCES OF DEPRESSION : A STUDY IN PHENOMENOLOGY (Record no. 10497)

MARC details
000 -LEADER
fixed length control field 00332nam a22001457a 4500
003 - CONTROL NUMBER IDENTIFIER
control field SGT
082 ## - DEWEY DECIMAL CLASSIFICATION NUMBER
Classification number 616.89
Item number E15R
100 ## - MAIN ENTRY--PERSONAL NAME
Personal name RADCLIFFE, MATTHEW
245 ## - TITLE STATEMENT
Title EXPERIENCES OF DEPRESSION : A STUDY IN PHENOMENOLOGY
260 ## - PUBLICATION, DISTRIBUTION, ETC. (IMPRINT)
Place of publication, distribution, etc UK
Name of publisher, distributor, etc OXFORD PRESS
300 ## - PAGE DESCRIPTION
No. of Pages 2015
490 ## - SERIES STATEMENT
Series statement 318
650 ## - SUBJECT ADDED ENTRY--TOPICAL TERM
Topical term or geographic name as entry element PSYCHOLOGY
942 ## - ADDED ENTRY ELEMENTS (KOHA)
Source of classification or shelving scheme Dewey Decimal Classification
Koha item type Books
Holdings
Withdrawn status Lost status Source of classification or shelving scheme Damaged status Not for loan Collection code Home library Current library Shelving location Date acquired Vendor Name Cost, normal purchase price SGTU Bill Number Full call number Accession No. (Barcode) Date last seen Bill Date Koha item type
    Dewey Decimal Classification   Not For Loan MEDICAL SGT Medical Library SGT Medical Library Reference Book 19/01/2017 ABC 1995.00 SGTU 6069 616.89 E15R FM7638 19/01/2017 11/09/2015 Books